| 000 | 00617 a2200217 4500 | ||
|---|---|---|---|
| 005 | 20240430144615.0 | ||
| 008 | 240422b |||||||| |||| 00| 0 eng d | ||
| 020 |
_a9789354660276 _cRs. 395.00 |
||
| 040 | _aMAIN | ||
| 082 |
_a615.321 _bM299T |
||
| 100 | _aMalviya, Neelesh | ||
| 245 | _aTherapeutic potential of medicinal plants: Immune homeostasis strengtheners | ||
| 260 |
_bCBS Publishers and Distributors _c2023 _aNew Delhi |
||
| 300 | _aix, 169 | ||
| 650 | _aPharmacy | ||
| 650 | _aMedicinal Plants | ||
| 700 | _aSaxena, Rajiv | ||
| 700 | _aGupta, Ruchi | ||
| 700 | _aPatidar, Archana | ||
| 942 | _cBK | ||
| 999 |
_c311782 _d311782 |
||